000 00712nam a2200205 i 4500
001 122281
003 ES-MaACL
005 20240219213323.0
007 t|
008 070521s1943 sp ||||1| spa d
100 1 _aValdesoto, Fernando.
_9112538
245 1 0 _aFrancisco Franco /
_cFernando de Valdesoto [seud. col. de Joaquín Valdés Sancho y Fernando Soto Oriol].
260 _aMadrid :
_bAfrodisio Aguado,
_c1943.
300 _a401 p., 18 lám., 2 map. ;
_c23 cm.
600 1 4 _aFranco Bahamonde, Francisco,
_d1892-1975
_952240
700 1 _aSoto Oriol, Fernando de.
_9107522
700 1 _aValdés Sancho, Joaquín.
_9112533
852 _aES-MaACL
_jE-1758
_bR.20253
999 _c122281
_d122281